| 000 | 00509nam a22001697a 4500 | ||
|---|---|---|---|
| 999 |
_c8753 _d8753 |
||
| 008 | 201214b ||||| |||| 00| 0 eng d | ||
| 040 | _aBMS College of Architecture | ||
| 100 | _aJasrapuria, Shreya | ||
| 245 | _aA Touch of old heritage centre Kolkata | ||
| 300 | _a49p. | ||
| 500 | _a1BM11AT066 | ||
| 502 |
_8B,Arch _NBMS College of Visvesvaraya Technological University (VTU) _aProject report _d2015 |
||
| 650 | _aNA | ||
| 700 |
_aRiju C Thomas _eGuide |
||
| 700 |
_aP S Mamatha _eGuide |
||
| 942 |
_2ddc _cTHE |
||